000 00515cam a2200205ua 4500
001 8242
008 150113n ii |||gr||||Z||||||hin
020 _a8186135057
040 _cMAIN
041 _ahin
082 _a491.43
100 _aSharma, R.,
_eAuthor.
245 _aKavya bhasha :
_bRachnatmak sarokar /
_cBy Rajmani Sharma .
250 _a1st.
260 _aVaranasi:
_bSanjay,
_c1995.
300 _a142p.
653 _aEast Indo-European & Celtic languages
653 _aHindi language
942 _cBK
999 _c7357
_d7357